| 000 | 01045cam a22003137a 4500 | ||
|---|---|---|---|
| 003 | CHAP | ||
| 005 | 20220329135013.0 | ||
| 008 | 971013s1978 r 00010 d | ||
| 010 | _a29371 | ||
| 011 | _a30343 | ||
| 035 | _a34455 | ||
| 040 | _cCHAP | ||
| 082 |
_a338.908 _bC62 |
||
| 245 | 1 | 3 |
_aEl control político en el Cono Sur _b: seminario de México, diciembre de 1976 |
| 260 |
_aMéxico, D.F. : _bSiglo XXI, _c1978 |
||
| 300 | _a302 p. | ||
| 490 | 0 | _aSociología y política | |
| 590 |
_aBATCH-UPD _b10 _c20130110 _lUCH01 _h1656 |
||
| 590 |
_aBATCH-UPD _b10 _c20130410 _lUCH01 _h1045 |
||
| 590 |
_aBATCH-UPD _b10 _c20130914 _lUCH01 _h1931 |
||
| 590 |
_aCONVERSION _b10 _c20130109 _lUCH01 _h1317 |
||
| 650 | 1 | 4 |
_aAmerica Latina _xCondiciones economicas. _95390 |
| 650 | 1 | 4 |
_aAmerica Latina _xPolitica y gobierno. _95404 |
| 650 | 1 | 4 |
_aPolítica económica _zAmérica Latina. _990532 |
| 830 | 0 |
_aSociología y política _9108249 |
|
| 901 | _aBK | ||
| 942 | _cLIBRO | ||
| 949 |
_a338.908 C62 _bBC _cLIBRO _d33724000109591 _eLIBRO _h49170 _i34455 _mD _si |
||
| 999 |
_c29371 _d29371 |
||